Comentarios de textos corteses y descorteses /

Detalles Bibliográficos
Autores principales: Fuentes Rodríguez, Catalina (Autor), Brenes Peña, Ester (Autor)
Formato: Electrónico eBook
Lenguaje:español
Publicado: Madrid : Arco/Libros, S. L., [2013]
Colección:Colección Comentario de textos ; 25.
Materias:
Acceso en línea:Digitalia Hispánica

MARC

LEADER 00000nam a2200000Ii 4500
001 DIGARCOL0327
003 NyNyDIG
006 m o d
007 cr |||||||||||
008 241001s2013 sp ob 000 0 spa d
035 |a (OCoLC)1058764441 
040 |a DGITA  |b eng  |e rda  |e pn  |c DGITA 
020 |z 9788476358597 
050 1 4 |a PC4434 ebook 
100 1 |a Fuentes Rodríguez, Catalina,  |e author. 
245 1 0 |a Comentarios de textos corteses y descorteses /  |c Catalina Fuentes Rodríguez, Ester Brenes Peña. 
264 1 |a Madrid :  |b Arco/Libros, S. L.,  |c [2013] 
300 |a 1 online resource. 
336 |a text  |b txt  |2 rdacontent 
337 |a computer  |b c  |2 rdamedia 
338 |a online resource  |b cr  |2 rdacarrier 
347 |a text file  |2 rdaft 
347 |b PDF 
490 1 |a Colección Comentario de textos ;  |v 25  
504 |a Includes bibliographical references. 
588 0 |a Online resource; title from PDF title page (Digitalia, viewed October 1, 2024) 
650 0 |a Politeness (Linguistics) 
650 0 |a Spanish language  |x Discourse analysis.  
700 1 |a Brenes Peña, Ester,  |e author. 
791 2 |a Digitalia (Firm),  |e distributor. 
793 0 |g Digitalia eBook Collection:  |a Arco/Libros 
776 0 8 |i Print version:  |a Fuentes Rodríguez, Catalina.  |t Comentarios de textos corteses y descorteses.  |d Madrid : Arco/Libros, S. L., [2013]  |z 9788476358597 
830 0 |a Colección Comentario de textos ;  |v 25.  
856 4 0 |3 Digitalia Hispánica  |u https://www.digitaliapublishing.com/a/138363/ 
910 |a Premium collection: 2024